Dokumenty k moderným dejinám štátu a práva krajín strednej a východnej Európy. 2. diel. /

Uložené v:
Podrobná bibliografia
Hlavný autor: Beňa, Jozef (Author)
Médium: Kniha
Jazyk:Slovak
Vydané: Bratislava : Právnická fakulta UK, 1994
Vydanie:1. vyd. - dotlač.
Témy:
ISBN: 8022307831 (brož.)
Fyzický popis: 138 s.
Tagy: Pridať tag
Žiadne tagy, Buďte prvý kto otaguje tento záznam!

MARC

LEADER 00000nam a2200000 a 4500
001 000034603
003 SVKK
005 19950215000000.0
008 950124s1994 xo e sloo
020 |a 8022307831 (brož.) 
040 |a SVKKK  |b slo  |c SVKKK  |e AACR2 
041 0 |a slo 
044 |a xo  |c SK 
080 |a 342.(4)(091)(075.8)  |2 1997 
080 |a 321.01(4)(091)(075.8)  |2 1997 
100 1 |a Beňa, Jozef  |4 aut 
245 1 0 |a Dokumenty k moderným dejinám štátu a práva krajín strednej a východnej Európy. 2. diel. /  |c Jozef Beňa 
250 |a 1. vyd. - dotlač. 
260 |a Bratislava :  |b Právnická fakulta UK,  |c 1994 
300 |a 138 s. 
653 0 |a štát  |2 SVKKKPH 
653 0 |a právo  |2 SVKKKPH 
653 0 |a Európa stredná  |2 SVKKKPH 
653 0 |a Európa východná  |2 SVKKKPH 
653 0 |a dejiny  |2 SVKKKPH 
653 0 |a učebnice vysokých škôl  |2 SVKKKPH 
655 7 |a učebnice vysokých škôl  |2 SVKKKPH 
910 |a svkkk 
919 |a 80-223-0783-1 
974 |a MI  |d 19960110 
974 |a PA  |d 19951116 
974 |a MI  |d 19960125 
998 |a BK 
090 |g SCKHL  |k Sklad Pribinova 3. posch.  |a V.191470  |j 877673  |i 2720030318  |s Povinný výt. 
090 |g SCKHL  |k Sklad Pribinova 3. posch.  |a V.194579  |j 888758  |i 2720865775  |s Absenčne 
090 |g SCKHL  |k Sklad Pribinova 3. posch.  |a V.194580  |j 888759  |i 34603-30  |4 Multiplikát  |s Vyradená